00313nam a2200121Ia 4500008004100000041000800041082001400049100002200063245003600085260003900121300002400160365000700184240624s9999 xx 000 0 und d aeng a658.4 SCA aSCANNELL EDWARD E aBIG BOOK OF PEOPLE SKILLS GAMES c2010aNew DelhibTata McGraw- Hill a260 : p. : cm. ; 24 cRS